00332nam a2200133Ia 4500008004100000041001200041082002100053100002100074245002600095250000900121260003100130300001100161650002600172231221s9999 xx 000 0 und d aEnglish a647.94 KHA;1 R aKhan, Mohmood, A 0aResturant franchising a2 ed c1999bJohn WileyaNew York axi+399 aResturant,franchising